Data science on the google cloud platform : (Record no. 196863)
[ view plain ]
| 000 -LEADER | |
|---|---|
| fixed length control field | 00823nam a2200217Ia 4500 |
| 005 - DATE AND TIME OF LATEST TRANSACTION | |
| control field | 20251104104030.0 |
| 008 - FIXED-LENGTH DATA ELEMENTS--GENERAL INFORMATION | |
| fixed length control field | 210716s2018 xx 000 0 und d |
| 020 ## - INTERNATIONAL STANDARD BOOK NUMBER | |
| International Standard Book Number | 9789352136766 |
| 040 ## - CATALOGING SOURCE | |
| Transcribing agency | AIMIT LIBRARY |
| 041 ## - LANGUAGE CODE | |
| Language code of text/sound track or separate title | eng |
| 082 ## - DEWEY DECIMAL CLASSIFICATION NUMBER | |
| Classification number | 005.76 |
| Edition number | 1 |
| Item number | LAKV |
| 100 ## - MAIN ENTRY--PERSONAL NAME | |
| Personal name | Lakshmanan, Valliappa. |
| 9 (RLIN) | 44949 |
| 245 ## - TITLE STATEMENT | |
| Title | Data science on the google cloud platform : |
| Remainder of title | implementing end to end real time data pipelines: fron ingest to machine learning / |
| Statement of responsibility, etc. | By Valliappa Lakshmanan. |
| 250 ## - EDITION STATEMENT | |
| Edition statement | 1st ed. |
| 260 ## - PUBLICATION, DISTRIBUTION, ETC. | |
| Place of publication, distribution, etc. | New Delhi : |
| Name of publisher, distributor, etc. | Shroff Publications and Distributers Pvt Ltd , |
| Date of publication, distribution, etc. | 2018. |
| 300 ## - PHYSICAL DESCRIPTION | |
| Extent | xiv, 391p. ; |
| Dimensions | 23 cm. |
| Other physical details | PB |
| 650 ## - SUBJECT ADDED ENTRY--TOPICAL TERM | |
| Topical term or geographic name entry element | Ingesting data into the cloud |
| 9 (RLIN) | 44950 |
| 650 ## - SUBJECT ADDED ENTRY--TOPICAL TERM | |
| Topical term or geographic name entry element | Bayes classifier on cloud dataproc |
| 9 (RLIN) | 44951 |
| 650 ## - SUBJECT ADDED ENTRY--TOPICAL TERM | |
| Topical term or geographic name entry element | REal- time machine learning |
| 9 (RLIN) | 44952 |
| 942 ## - ADDED ENTRY ELEMENTS (KOHA) | |
| Source of classification or shelving scheme | Dewey Decimal Classification |
| Koha item type | Book |
| Edition | 1st |
| Call number prefix | 005.76 LAKV |
| Withdrawn status | Lost status | Source of classification or shelving scheme | Damaged status | Not for loan | Collection code | Home library | Current library | Source of acquisition | Cost, normal purchase price | Inventory number | Total Checkouts | Full call number | Barcode | Date last seen | Cost, replacement price | Price effective from | Koha item type |
|---|---|---|---|---|---|---|---|---|---|---|---|---|---|---|---|---|---|
| Dewey Decimal Classification | MCA | St Aloysius Institute of Management & Information Technology | St Aloysius Institute of Management & Information Technology | Shroff Publishers | 800.00 | Bill no:1652/1718/INV; Bill dt:2 | 005.76 LAKV | MCA15438 | 05/23/2026 | 600.00 | 07/16/2021 | Book | |||||
| Dewey Decimal Classification | MCA | St Aloysius Institute of Management & Information Technology | St Aloysius Institute of Management & Information Technology | Knowledge World | 800.00 | Bill no:501; Bill dt:2018-03-05 | 005.76 LAKV | MCA15628 | 05/23/2026 | 624.00 | 07/16/2021 | Book | |||||
| Dewey Decimal Classification | MCA | St Aloysius Institute of Management & Information Technology | St Aloysius Institute of Management & Information Technology | Knowledge World | 800.00 | Bill no:501; Bill dt:2018-03-05 | 005.76 LAKV | MCA15629 | 05/23/2026 | 624.00 | 07/16/2021 | Book | |||||
| Dewey Decimal Classification | MCA | St Aloysius Institute of Management & Information Technology | St Aloysius Institute of Management & Information Technology | Shroff Publishers | 800.00 | Bill no:1652/1718/INV; Bill dt:2 | 005.76 LAKV | MCA16378 | 05/23/2026 | 600.00 | 07/16/2021 | Book |